000 00555nam a2200169 i 4500
001 37203
003 ES-MaACL
005 20230906155526.0
007 t|
008 030220s1934 fr ||||1| fre d
100 1 _aBunin, Iván Alekseevich.
_932552
245 1 3 _aLe sacrement de l'amour /
_cIvan Bounine ; traduit du russe avec l'autorisation d l'auteur par Dumesnil de Gramont.
260 _aParis :
_bStock,
_c1934 (
_eLagny :
_fE. Grevin)
300 _a196 p. ;
_c19 cm.
700 0 _aDumesnil de Gramont, Michel.
_946000
852 _aES-MaACL
_jA-2120
999 _c37203
_d37203